000
00287nam a2200109Ia 4500
008
220204s9999 xx 000 0 und d
082
_a
339.564
_b
TRI
100
_a
TRIVEDI, H M
245
0
_a
Shipping strategy for exports to new markets
260
_a
Bombay
_b
HM Trivedi
_c
1971
942
_c
BK
999
_c
22105
_d
22105